000 00410nam a2200145 i 4500
001 bg
100 1 _aPABIS, Jan
245 0 _aPodstawy techniki cieplnej w rolnictwie /
_cJan Pabis.
260 _aWarszawa :
_bPańst. Wydaw. Rolnicze i Leśne,
_c1983.
521 _aPodręcznik dla studentów akademii rolniczych.
040 _cBPK
041 _apol
942 _cKS
008 s pl f |000 0 pol
999 _c1861
_d1861
856 _uhttp://koha.tu.koszalin.pl/cgi-bin/koha/opac-detail.pl?biblionumber=1861
_yKatalog online BPK